| 000 | 00570nam a22001817a 4500 | ||
|---|---|---|---|
| 005 | 20250102160059.0 | ||
| 010 | _aENG-143159 | ||
| 020 |
_a9789383166398 _c650.00 |
||
| 035 | _aEN-126691 | ||
| 037 | _bDBAD | ||
| 082 | _a371.33400954 | ||
| 100 |
_aRamachandran, Vimala _975737 |
||
| 245 | 0 | 0 |
_aInside Indian Schools: _bThe Enigma Of Equity And Quality _cby Vimala Ramachandran |
| 260 |
_aNew Delhi _bSocial Science Press _c2021 |
||
| 270 |
_a69, Jor Bagh _bNew Delhi _e110003 |
||
| 300 |
_axx,271p. _c20cm(pb) |
||
| 942 |
_2ddc _cEN _mRAM _h371.33400954 |
||
| 999 |
_c207987 _d207987 |
||